Matematičeskaja biofizika
Gespeichert in:
| Hauptverfasser: | , , |
|---|---|
| Format: | Buch |
| Sprache: | Russisch |
| Veröffentlicht: |
Moskva :
Nauka,
1984
|
| Ausgabe: | 1. vyd. |
| Tags: |
Keine Tags, Fügen Sie das erste Tag hinzu!
|
MARC
| LEADER | 00000nam a22000003a 4500 | ||
|---|---|---|---|
| 001 | stu87737 | ||
| 005 | 20150617225625.7 | ||
| 008 | 040611s1984----xxr-----------------rus-d | ||
| 040 | |a STU |b slo | ||
| 041 | 0 | |a rus | |
| 044 | |a xxr | ||
| 080 | |a 577.3 |7 stu_us_auth*stu7323 | ||
| 080 | |a 51-76 | ||
| 100 | 1 | |a Romanovskij, Jurij M |4 aut | |
| 245 | 1 | |a Matematičeskaja biofizika | |
| 250 | |a 1. vyd. | ||
| 260 | |a Moskva : |b Nauka, |c 1984 | ||
| 300 | |a 303 s | ||
| 700 | 1 | |a Stepanova, Natalija V. |4 aut | |
| 700 | 1 | |a Černavskij, Dmitrij S. |4 aut | |
| 996 | |b E55572 |c E*55572 |l EE03 |s P |a 0 |w stu87737_0001 | ||